Highest Grossing Movies of All Time - Statistics

General Stats
  • This quiz has been taken 19 times
  • The average score is 7 of 15
Answer Stats
Hint Answer % Correct
2009 Avatar
100%
2012 The Avengers
89%
1999 Titanic
89%
2019 Avengers: Endgame
83%
2018 Avengers: Infinity War
61%
2018 Black Panther
44%
2021 Spider-Man: No Way Home
39%
2015 Avengers: Age of Ultron
33%
2015 Star Wars: The Force Awakens
28%
2015 Jurassic World
22%
2022 Top Gun: Maverick
22%
2022 Avatar: The Way of Water
17%
2019 The Lion King
17%
2019 Frozen 2
6%
2015 Furious 7
6%
No matching quizzes found
Score Distribution
Percent of People with Each Score
Percentile by Number Answered
Your Score History
You have not taken this quiz